01540nab a22002177a 4500003000400000005001700004008004100021040001100062100002000073245003800093260007300131300001300204500003800217505072800255505008900983650003801072650004001110650001901150650001701169773013601186OSt20250225232709.0190603e xxum|||| |||| 00| 0 spa d cPJ-TDF aMoreno, Valeria10aCriptoactivos /cValeria Moreno. cCiudad Autónoma de Buenos Aires :aThomson Reuters La Ley, b2024. ap. 62-71 aCita: TR LALEY AR/DOC/2772/2024.  a Sumario: I. Introducción y caracterización.— II. Clases de criptoactivos.— III. Algunas precisiones terminológicas.— IV. Los criptoactivos y las criptomonedas.— V. Naturaleza jurídica de las criptomonedas. Doctrina.— VI. Nuestra posición sobre la naturaleza jurídica de determinadas criptomonedas.— VII. Los actores en el mercado de criptoactivos: el reglamento MICA y su normativa para el emisor y los proveedores de servicios de activos digitales.— VIII. Naturaleza del contrato que realizan los proveedores de servicios de activos digitales y los usuarios en el mercado de criptoactivos.— IX. Los principios UNIDROIT sobre activos digitales y el derecho privado. En busca de un marco legal.  t¿Te interesa el texto completo? Solicitalo al correo: koha@justierradelfuego.gov.ar 0aOBLIGACIONES EN MONEDA EXTRANJERA 0aOBLIGACIONES DE DAR SUMAS DE DINERO 0aMONEDA VIRTUAL 0aCRIPTOMONEDA0 02713dCiudad Autónoma de Buenos Aires : Thomson Reuters La Ley, 2015-tRevista Código Civil y Comercial. Nº 6 - Diciembre 2024